000 00955cam a2200265Mi 4500
005 20150325095131.0
008 150325s2003 xxu fr 001 0 eng d
020 _a9780195152258
035 _a(OCoLC)752379445
040 _aCO-BoUCM
_bspa
_cJose A. Gerena
_dJose A. Gerena
041 0 _aeng
245 0 0 _aTeaching Islam
_ceditor Brannon M. Wheeler
260 _aNueva York (Estados Unidos)
_bOxford University press
_c2003
300 _axxi, 226 páginas
490 0 _aAmerican ademy of religion teaching religious studies
504 _aIncluye referencias bibliográficas e índices
650 7 _aIslam
_953553
650 7 _aIslam
_xEnseñanza
_953553
650 7 _aPedagogía
_xAspectos religiosos
_921215
650 7 _aFilosofía y religión
_915856
690 _942816
_aFilosofía de la religión
700 1 _aWheeler, Brannon M.
_eeditor
_968115
942 _2DEWEY
_a4
_cLIBRO
_e1
_h297.07
_mT253
999 _c298933
_d298933